| 000 | 00483cam a2200205ua 4500 | ||
|---|---|---|---|
| 001 | 8000 | ||
| 008 | 150103n ii |||gr||||Z||||||eng | ||
| 020 | _a9788183334679 | ||
| 040 | _cMAIN | ||
| 041 | _aeng | ||
| 082 | _a005 | ||
| 100 |
_aKanetkar, Y., _eAuthor. |
||
| 245 | 1 |
_aLet us java _cBy Yashavant Kanetkar |
|
| 250 | _a1st. | ||
| 260 |
_aNew Delhi: _bBPB, _c2014. |
||
| 300 | _axii,544p. | ||
| 653 | _aComputer programming, programs & data | ||
| 653 | _aJava | ||
| 942 | _cBK | ||
| 999 |
_c7118 _d7118 |
||